MARC details
| 000 -LÍDER |
| campo de controle de tamanho fixo |
01546nam a2200301 4500 |
| 001 - NÚMERO DE CONTROLE |
| campo de controle |
195 |
| 003 - IDENTIFICADOR DO NÚMERO DE CONTROLE |
| campo de controle |
OSt |
| 005 - DATA E HORÁRIO DA ÚLTIMA TRANSAÇÃO |
| campo de controle |
20250528074014.0 |
| 008 - CAMPO DE DADOS FIXOS--INFORMAÇÃO GERAL |
| campo de controle de tamanho fixo |
250203b |||||||g |||| 00| 1 eng d |
| 020 ## - ISBN - INTERNATIONAL STANDARD BOOK NUMBER |
| ISBN - International Standard Book Number |
857302318X |
| 040 ## - FONTE DA CATALOGAÇÃO |
| Idioma da catalogação |
por |
| 041 ## - CÓDIGO DE IDIOMA |
| Código do idioma do original e/ou traduções intermediárias do texto |
rus |
| Código do idioma do texto/trilha sonora ou título diferente |
por |
| 082 ## - CDD - CLASSIFICAÇÃO DECIMAL DE DEWEY |
| Número de Classificação |
891.73 |
| Número do exemplar |
D326e |
| 100 1# - ENTRADA PRINCIPAL--NOME PESSOAL |
| Nome pessoal |
Dejnióv, Nikolai. |
| Datas associadas ao nome |
1962- |
| 9 (RLIN) |
358 |
| 240 ## - TÍTULO UNIFORME |
| Título uniforme |
In concert Performance |
| 245 ## - TÍTULO |
| Título |
Em ritmo de concerto / |
| Indicação de responsabilidade, etc. |
Dejnióv, Nikolai ; Tradução de Paulo Bezerra |
| 260 ## - PUBLICAÇÃO, DISTRIBUIÇÃO, ETC. |
| Local de publicação, distribuição, etc. |
Rio de Janeiro |
| Nome do editor, distribuidor, etc. |
Objetiva |
| Data da publicação, distribuição, etc. |
2001 |
| 300 ## - DESCRIÇÃO FÍSICA |
| Extensão |
333 p. |
| 520 ## - NOTA DE RESUMO, ETC. |
| Resumo, etc. |
Uma bem humorada história de amor na Moscou dos dias de hoje. Uma brilhante sátira sóciopolítica. Uma história de enredo fantástico e narrativa envolvente.<br/><br/>Lucário é um anjo que volta a Terra para expiar pecados de seu passado. Vivendo como duende na casa de uma velha senhora, vê seu mundo transformar-se quando conhece Ana, a bela sobrinha da mulher. Lucário passará a viver õ maior dos dilemas - seguir o caminho em direção a purificação total de seu espírito ou tomar a forma humana para tentar conquistar o amor de Ana.<br/><br/>Em Ritmo de Concerto envolve o leitor com seu enredo fantástico, mas convincente, seguindo a melhor tradição do realismo mágico, sua trama bem desenvolvida e uma narrativa fluente, com pitadas de humor e ironia. |
| 650 #0 - ASSUNTO--TERMO TÓPICO |
| Cabeçalho tópico ou nome geográfico |
Literatura Russa |
| 9 (RLIN) |
195 |
| 650 #0 - ASSUNTO--TERMO TÓPICO |
| Cabeçalho tópico ou nome geográfico |
Amor e Paixão |
| 9 (RLIN) |
25 |
| 650 #0 - ASSUNTO--TERMO TÓPICO |
| Cabeçalho tópico ou nome geográfico |
Humor |
| 9 (RLIN) |
60 |
| 650 #0 - ASSUNTO--TERMO TÓPICO |
| Cabeçalho tópico ou nome geográfico |
Politica |
| 9 (RLIN) |
138 |
| 655 #0 - TERMO DE ÍNDICE--GÊNERO E FORMA |
| Gênero/forma/ou termo foco |
Romance |
| 655 #0 - TERMO DE ÍNDICE--GÊNERO E FORMA |
| Gênero/forma/ou termo foco |
Ficção |
| 700 ## - ENTRADA ADICIONADA - NOME PESSOAL |
| Nome pessoal |
Paulo Bezerra |
| Função do autor por extenso |
Tradutor |
| 9 (RLIN) |
359 |
| 942 ## - ELEMENTOS DE ENTRADA ADICIONADOS (KOHA) |
| Fonte de classificação ou esquema de arquivamento |
Classificação decimal de Dewey |
| Ocultar no OPAC |
Não |
| Tipo de material Koha |
Livros |